[Event "IHEM 2009"]
[Site "Hamburg"]
[Date "2009.06.07"]
[Round "9.1"]
[White "Bosch, Jeroen"]
[Black "Ftacnik, Lubomir"]
[Result "1-0"]
[WhiteElo "2429"]
[BlackElo "2559"]
[PlyCount "160"]
[EventDate "2009.??.??"]
[EventRounds "9"]
[EventCountry "GER"]

1. d4 Nf6 2. Nc3 d5 3. Bg5 c5 4. Bxf6 gxf6 5. e3 Nc6 6. Qh5 cxd4 7. exd4 e6 8.
Nf3 Bd7 9. Bd3 f5 10. O-O Qf6 11. Rfe1 O-O-O 12. Bb5 Qg6 13. Qh3 f6 14. Bxc6
bxc6 15. g3 Qg4 16. Qf1 Kb7 17. Na4 f4 18. Rad1 Rb8 19. Rd3 Bd6 20. Rb3+ Ka8
21. Qd3 fxg3 22. hxg3 Rhg8 23. Re3 Rxb3 24. axb3 h5 25. Kf1 Kb8 26. Ke1 Re8 27.
Qc3 e5 28. Nc5 Bxc5 29. Qxc5 e4 30. Nh4 Qh3 31. b4 Qh1+ 32. Kd2 Qf1 33. Qd6+
Kc8 34. Qxf6 Qc4 35. Rc3 Qxb4 36. Ng6 Re6 37. Qh8+ Re8 38. Qf6 Re6 39. Qg7 Rxg6
40. Qxg6 Qxd4+ 41. Ke1 Qb4 42. Kf1 Qxb2 43. Qg8+ Kc7 44. Rb3 Qc1+ 45. Kg2 Kd6
46. Qb8+ Ke6 47. Rb7 Qg5 48. Qc7 Qe7 49. Rxa7 Qd6 50. Qd8 Qe7 51. Qh8 Kd6 52.
Qb8+ Ke6 53. Qf4 Qg7 54. c4 dxc4 55. Qxe4+ Kd6 56. Qf4+ Kc5 57. Qe3+ Kd6 58.
Qd2+ Ke6 59. Qe2+ Kd6 60. Qd1+ Ke6 61. Qxh5 Qd4 62. Qh6+ Ke7 63. Qg5+ Kd6 64.
Qh6+ Be6 65. Qf8+ Kd5 66. Ra5+ c5 67. Qd8+ Ke4 68. Qg5 Bd5 69. f3+ Kd3 70. Ra3+
c3 71. Qc1 Qe5 72. Qf1+ Kd2 73. Qf2+ Kd3 74. Qf1+ Kd2 75. Qf2+ Kd3 76. Ra1 Qe2
77. Kg1 Qxf2+ 78. Kxf2 Kd2 79. Ra5 c2 80. Rxc5 Be6 1-0

[Event "IHEM 2009"]
[Site "Hamburg"]
[Date "2009.06.07"]
[Round "9.4"]
[White "Wohl, Aleksandar H"]
[Black "Parligras, Mircea"]
[Result "0-1"]
[WhiteElo "2376"]
[BlackElo "2586"]
[PlyCount "122"]
[EventDate "2009.??.??"]
[EventRounds "9"]
[EventCountry "GER"]

1. c4 c5 2. Nf3 g6 3. Nc3 Bg7 4. g3 Nc6 5. Bg2 e5 6. O-O Nge7 7. a3 d6 8. Rb1
a5 9. d3 O-O 10. Ne1 Be6 11. Nc2 d5 12. cxd5 Nxd5 13. Ne3 Nde7 14. Nc4 Rb8 15.
a4 f5 16. Bg5 h6 17. Bxe7 Nxe7 18. Qb3 b6 19. Rbd1 g5 20. Qc2 g4 21. e3 h5 22.
Rfe1 h4 23. b3 Qd7 24. d4 cxd4 25. exd4 exd4 26. Nb5 h3 27. Qe2 Bxc4 28. Qxc4+
Kh8 29. Qe6 Qxe6 30. Rxe6 Bf6 31. Bf1 Rbd8 32. Rxb6 Nd5 33. Rd6 Nb4 34. Bc4 Kh7
35. Kf1 Rxd6 36. Nxd6 Kg6 37. Nb7 Ra8 38. Nc5 Re8 39. Ne6 Re7 40. Nf4+ Kh6 41.
Ne6 Rd7 42. Nf4 Rd6 43. Re1 d3 44. Re6 Rxe6 45. Bxe6 Kg5 46. Bc4 d2 47. Ke2 Bc3
48. Kd1 Nc6 49. Nd5 Bd4 50. Ne3 Ne5 51. Be2 f4 52. gxf4+ Kxf4 53. Kxd2 Nf3+ 54.
Kd3 Nxh2 55. b4 axb4 56. a5 Ba7 57. a6 b3 58. Nd5+ Kg5 59. Nc3 Nf3 60. Ne4+ Kf4
61. Nf6 b2 0-1

[Event "IHEM 2009"]
[Site "Hamburg"]
[Date "2009.06.07"]
[Round "9.5"]
[White "Ritscher, Jan Paul"]
[Black "Kopylov, Mihail"]
[Result "1-0"]
[WhiteElo "2295"]
[BlackElo "2457"]
[PlyCount "87"]
[EventDate "2009.??.??"]
[EventRounds "9"]
[EventCountry "GER"]

1. e4 c5 2. Nf3 d6 3. d4 cxd4 4. Nxd4 Nf6 5. Nc3 a6 6. Bg5 e6 7. f4 b5 8. e5
dxe5 9. fxe5 Qc7 10. exf6 Qe5+ 11. Be2 Qxg5 12. O-O Ra7 13. Nf3 Qxf6 14. Ne4
Qf4 15. Nfg5 Qe5 16. Rxf7 Bc5+ 17. Kh1 Rxf7 18. Qd8+ Kxd8 19. Nxf7+ Ke7 20.
Nxe5 Bd4 21. Nd3 Bb7 22. Bf3 Nd7 23. c3 Bb6 24. Re1 Bd5 25. Nb4 Bxe4 26. Bxe4
Nc5 27. Bxh7 Kd6 28. Be4 Nxe4 29. Rxe4 Rf8 30. h4 a5 31. Nd3 Rf1+ 32. Kh2 Rd1
33. Nf4 e5 34. Nh5 Rd2 35. Nxg7 Kd5 36. Rg4 Bc7 37. Ne8 Bb8 38. Nf6+ Ke6 39.
Ne4 Rxb2 40. h5 Kf5 41. Kh3 Rb1 42. Ng3+ Ke6 43. h6 e4 44. h7 1-0

[Event "IHEM 2009"]
[Site "Hamburg"]
[Date "2009.06.07"]
[Round "9.7"]
[White "Souleidis, Georgios"]
[Black "Bach, Matthias"]
[Result "1/2-1/2"]
[WhiteElo "2427"]
[BlackElo "2276"]
[PlyCount "80"]
[EventDate "2009.??.??"]
[EventRounds "9"]
[EventCountry "GER"]

1. e4 Nf6 2. Nc3 d5 3. e5 d4 4. Nce2 Ne4 5. Nf3 Nc6 6. d3 Nc5 7. b4 Nxb4 8.
Nexd4 e6 9. a3 Nd5 10. c4 Nb6 11. a4 a5 12. Be2 Bd7 13. Nb5 Bxb5 14. axb5 a4
15. O-O Nb3 16. Ra2 Bc5 17. Bb2 O-O 18. d4 Be7 19. Qc2 c5 20. bxc6 bxc6 21. Bd3
g6 22. Be4 Qd7 23. c5 Nd5 24. Qc4 Rfb8 25. Bc3 Qa7 26. Rb1 Rb5 27. Be1 Qb7 28.
Rxa4 Rxa4 29. Qxa4 Nxc5 30. Rxb5 cxb5 31. Bxd5 bxa4 32. Bxb7 Nxb7 33. Kf1 a3
34. Bc3 a2 35. Ke2 Bb4 36. Bb2 Ba3 37. Bc3 Na5 38. Nd2 Bb4 39. Bb2 Ba3 40. Bc3
Bb4 1/2-1/2

[Event "IHEM 2009"]
[Site "Hamburg"]
[Date "2009.06.07"]
[Round "9.8"]
[White "Fries Nielsen, Jens Ove"]
[Black "Rosmann, Ilja"]
[Result "1/2-1/2"]
[WhiteElo "2403"]
[BlackElo "2282"]
[PlyCount "44"]
[EventDate "2009.??.??"]
[EventRounds "9"]
[EventCountry "GER"]

1. b3 e5 2. Bb2 Nc6 3. c4 Nf6 4. e3 d5 5. cxd5 Nxd5 6. Bb5 Ndb4 7. Nf3 e4 8.
Nd4 Qg5 9. O-O Bh3 10. g3 a6 11. f4 Qf6 12. Bxc6+ bxc6 13. Nc3 c5 14. Nxe4 Qe7
15. Ng5 Bxf1 16. Nf5 Qd7 17. Qf3 Qd5 18. Qxd5 Nxd5 19. Kxf1 f6 20. Ne4 Nb4 21.
Ke2 Kf7 22. g4 Re8 1/2-1/2

[Event "IHEM 2009"]
[Site "Hamburg"]
[Date "2009.06.06"]
[Round "9.13"]
[White "Kull, Florian"]
[Black "Schulz, Hans Juergen"]
[Result "0-1"]
[WhiteElo "2167"]
[BlackElo "2013"]
[PlyCount "84"]
[EventDate "2009.??.??"]
[EventRounds "9"]
[EventCountry "GER"]
[WhiteTeam "SF Hamburg eV 1934"]
[BlackTeam "Hamburger SK von 1830 eV"]

1. c4 e5 2. Nc3 Nc6 3. Nf3 Nf6 4. e4 d6 5. d4 Bg4 6. d5 Nd4 7. Be2 Nxe2 8. Qxe2
Be7 9. O-O O-O 10. Qe3 Nd7 11. Ne1 f5 12. f3 f4 13. Qd2 Bh5 14. Nd3 Bh4 15. Qe2
Kh8 16. Bd2 Rg8 17. Be1 Bxe1 18. Rfxe1 Bf7 19. b4 b6 20. Qf2 Qe7 21. c5 g5 22.
h3 h5 23. Kf1 g4 24. hxg4 hxg4 25. cxd6 cxd6 26. Rac1 gxf3 27. gxf3 Rg3 28. Ke2
Bh5 29. Rh1 Nf6 30. Nb5 Qh7 31. Rc7 Qxe4+ 32. Kd2 Rxf3 33. Qh4 Rxd3+ 34. Kc1
Qg6 35. Nxd6 Rf8 36. Ne4 Nxe4 37. Qxh5+ Qxh5 38. Rxh5+ Kg8 39. Rxa7 Rc8+ 40.
Kb2 Rd2+ 41. Kb1 Rcc2 42. Rxe5 Nc3+ 0-1

[Event "IHEM 2009"]
[Site "Hamburg"]
[Date "2009.06.06"]
[Round "9.14"]
[White "Jacoby, Gisbert"]
[Black "Mueller, Joerg"]
[Result "1/2-1/2"]
[WhiteElo "2196"]
[BlackElo "2098"]
[PlyCount "32"]
[EventDate "2009.??.??"]
[EventRounds "9"]
[EventCountry "GER"]
[WhiteTeam "Königsspringer SC.1984 e.V."]
[BlackTeam "SV Eidelstedt"]

1. e4 e6 2. d4 d5 3. Bd3 c5 4. c3 Nc6 5. exd5 Qxd5 6. Nf3 cxd4 7. cxd4 Nb4 8.
Be2 Qd6 9. Nc3 Nf6 10. O-O Nbd5 11. Ne5 a6 12. Qa4+ Bd7 13. Nxd7 Nxd7 14. Nxd5
exd5 15. Re1 Be7 16. Bg4 b5 1/2-1/2

[Event "IHEM 2009"]
[Site "Hamburg"]
[Date "2009.06.06"]
[Round "9.16"]
[White "Hawranke, Dietrich"]
[Black "Strobel, Holger"]
[Result "1/2-1/2"]
[WhiteElo "2176"]
[BlackElo "2255"]
[PlyCount "21"]
[EventDate "2009.??.??"]
[EventRounds "9"]
[EventCountry "GER"]
[WhiteTeam "Pinneberger SC 1932 eV"]
[BlackTeam "SK Union Eimsbüttel eV"]

1. d4 Nf6 2. Nf3 g6 3. Nc3 d5 4. Bf4 Bg7 5. e3 O-O 6. Be2 c6 7. Ne5 Nfd7 8. Nf3
Qb6 9. Rb1 Re8 10. O-O Nf8 11. b4 1/2-1/2

[Event "IHEM 2009"]
[Site "Hamburg"]
[Date "2009.06.06"]
[Round "9.17"]
[White "Weiss, Siegfried"]
[Black "Kopisch, Martin"]
[Result "0-1"]
[WhiteElo "2038"]
[BlackElo "2142"]
[PlyCount "102"]
[EventDate "2009.??.??"]
[EventRounds "9"]
[EventCountry "GER"]
[WhiteTeam "Königsspringer SC.1984 e.V."]
[BlackTeam "Bille SC von 1924 e.V."]

1. e3 Nf6 2. f4 d6 3. Nf3 Nbd7 4. d4 g6 5. Nc3 Bg7 6. e4 O-O 7. e5 Ne8 8. Bc4
Nb6 9. Bb3 d5 10. Ne2 Nc4 11. Ng3 Bg4 12. h3 Bxf3 13. Qxf3 c6 14. Qd3 c5 15.
O-O cxd4 16. Bxc4 dxc4 17. Qxc4 Rc8 18. Qb3 Qb6 19. Rf2 Nc7 20. c4 Rfd8 21. Bd2
Qc6 22. Bb4 Rd7 23. Re1 Na6 24. f5 Qxc4 25. e6 fxe6 26. fxe6 Rdd8 27. Qxc4 Rxc4
28. Bxe7 Re8 29. Bg5 Nc5 30. Rc1 Rxc1+ 31. Bxc1 Nd3 32. Rc2 Nxc1 33. Rxc1 Rxe6
34. Rc8+ Kf7 35. Rc7+ Re7 36. Rc4 d3 37. Rf4+ Ke8 38. Ne4 Bxb2 39. Kf1 Be5 40.
Rf6 Rf7 41. Rxf7 Kxf7 42. Nc5 d2 43. Ke2 b6 44. Nd3 Bc3 45. Nf4 b5 46. Kd1 b4
47. Kc2 Kf6 48. Nd5+ Ke5 49. Ne3 Ke4 50. Nd1 Kd4 51. g4 Ke4 0-1